|
|
|
|
| LEADER |
00000nab a2200000 ar4500 |
| 001 |
vtls008413746 |
| 003 |
SK-MaSNL |
| 005 |
20260303210727.0 |
| 008 |
051205c2005 xo mr|p|||| |000 b|slo |
| 015 |
|
|
|a SNBRB2005/12
|
| 038 |
|
|
|a SPK
|
| 040 |
|
|
|a SPKCL
|b slo
|c AACR2
|e AACR2
|
| 041 |
0 |
|
|a slo
|
| 044 |
|
|
|a xo
|c SK
|
| 080 |
|
|
|a 37.018.1
|2 UDC-MRF-SK2
|
| 080 |
|
|
|a 379.8
|2 UDC-MRF-SK2
|
| 100 |
1 |
|
|a Zelina, Miron,
|d 1940-
|4 aut
|9 98638
|
| 245 |
1 |
0 |
|a Viete, kde je vaše dieťa?
|c Miron Zelina
|
| 300 |
|
|
|b Fotogr.
|
| 650 |
0 |
7 |
|a rodinná výchova
|2 spk
|9 66934
|
| 650 |
0 |
7 |
|a vzťah rodičia-dieťa
|2 spk
|9 71723
|
| 650 |
0 |
7 |
|a voľný čas
|2 spk
|9 3355
|
| 773 |
0 |
|
|t Rodina a škola
|g Roč. 53, č. 9 (2005), s. 5
|x 0231-6463
|
| 852 |
|
|
|a SPK
|b KIS3GCP
|
| 999 |
|
|
|c 2201402
|d 2203332
|